[Event "Titled Tuesday intern op 14th Nov Early"]
[Site "Chess.com INT"]
[Date "2023.11.14"]
[Round "10"]
[White "Bournel, Antoine"]
[Black "Kopylov, Alexander"]
[Result "1-0"]
[WhiteElo "2333"]
[BlackElo "2397"]
[PlyCount "37"]
[EventDate "2023.11.14"]
[EventType "swiss (blitz)"]
[EventRounds "11"]
[EventCountry "USA"]
[SourceTitle "CBM 217 Extra"]
[Source "ChessBase"]
[SourceDate "2024.01.31"]
[SourceVersion "1"]
[SourceVersionDate "2024.01.31"]
[SourceQuality "1"]

1. d4 Nf6 2. c4 e6 3. Nf3 d5 4. Nc3 Bb4 5. cxd5 exd5 6. Bf4 0-0 7. e3 a6 8. Bd3 b5 9. 0-0 Bb7 10. Ne5 Nbd7 11. Qf3 c5 12. Bg5 Bxc3 13. Nxd7 Qxd7 14. Bxf6 Bxb2 15. Bxh7+ Kxh7 16. Qh5+ Kg8 17. Qg5 Qg4 18. Qxg4 g6 19. Qh4 1-0

[Event "Titled Tuesday intern op 14th Nov Early"]
[Site "Chess.com INT"]
[Date "2023.11.14"]
[Round "2"]
[White "Garagulya, Konstantin"]
[Black "Kopylov, Alexander"]
[Result "1-0"]
[WhiteElo "2389"]
[BlackElo "2397"]
[PlyCount "99"]
[EventDate "2023.11.14"]
[EventType "swiss (blitz)"]
[EventRounds "11"]
[EventCountry "USA"]
[SourceTitle "CBM 217 Extra"]
[Source "ChessBase"]
[SourceDate "2024.01.31"]
[SourceVersion "1"]
[SourceVersionDate "2024.01.31"]
[SourceQuality "1"]

1. d4 Nf6 2. Nf3 e6 3. Bg5 c5 4. Nbd2 cxd4 5. Nxd4 d5 6. e3 Nc6 7. Nxc6 bxc6 8. c4 Be7 9. Qc2 0-0 10. Bd3 h6 11. Bh4 Bb7 12. 0-0 Rc8 13. Rfd1 c5 14. e4 d4 15. Re1 e5 16. a3 a5 17. Reb1 Bc6 18. Bxf6 Bxf6 19. b4 axb4 20. axb4 cxb4 21. Rxb4 Be7 22. Rb2 Ra8 23. Rxa8 Qxa8 24. c5 Qa5 25. Nb3 Qe1+ 26. Bf1 Rb8 27. Rb1 Qc3 28. Nxd4 Rxb1 29. Qxc3 exd4 30. Qd3 Rc1 31. Qd2 Bg5 32. f4 Rxc5 33. fxg5 Rxg5 34. Qxd4 Rg6 35. g3 Re6 36. e5 Re8 37. Bc4 Rf8 38. Qd6 Bf3 39. Kf2 Bg4 40. Ke3 Re8 41. Kf4 Be6 42. Bb5 Rc8 43. h4 h5 44. Bd7 Rc4+ 45. Kg5 Rg4+ 46. Kxh5 Bxd7 47. Qxd7 Rxg3 48. Qe8+ Kh7 49. Qxf7 Re3 50. e6 1-0

[Event "Titled Tuesday intern op 14th Nov Early"]
[Site "Chess.com INT"]
[Date "2023.11.14"]
[Round "5"]
[White "Kochiev, Ivan"]
[Black "Kopylov, Alexander"]
[Result "0-1"]
[WhiteElo "2053"]
[BlackElo "2397"]
[PlyCount "74"]
[EventDate "2023.11.14"]
[EventType "swiss (blitz)"]
[EventRounds "11"]
[EventCountry "USA"]
[SourceTitle "CBM 217 Extra"]
[Source "ChessBase"]
[SourceDate "2024.01.31"]
[SourceVersion "1"]
[SourceVersionDate "2024.01.31"]
[SourceQuality "1"]

1. e4 e5 2. Nf3 Nf6 3. Nxe5 Nxe4 4. Qe2 Qe7 5. Qxe4 d6 6. d4 dxe5 7. dxe5 Nc6 8. Bb5 Bd7 9. 0-0 0-0-0 10. Nc3 Nxe5 11. Bxd7+ Nxd7 12. Qa4 a6 13. Bf4 Qb4 14. Qxb4 Bxb4 15. Bxc7 Rde8 16. Nd5 Re2 17. Nxb4 Kxc7 18. Rfe1 Rhe8 19. Kf1 R2e4 20. Nd3 Nf6 21. f3 R4e7 22. Rxe7+ Rxe7 23. Re1 Rd7 24. Kf2 Kb6 25. Ne5 Rc7 26. c3 a5 27. a3 Kb5 28. Rd1 Ka4 29. Rd6 b5 30. Rd4+ Kb3 31. Rd2 a4 32. Nd3 Ka2 33. Nc1+ Kb1 34. Ne2 Rb7 35. Nd4 Kc1 36. Ke2 Re7+ 37. Kd3 Rb7 0-1

[Event "Titled Tuesday intern op 14th Nov Early"]
[Site "Chess.com INT"]
[Date "2023.11.14"]
[Round "1"]
[White "Kopylov, Alexander"]
[Black "Bogdanov, Artyom"]
[Result "1/2-1/2"]
[WhiteElo "2397"]
[BlackElo "2300"]
[PlyCount "62"]
[EventDate "2023.11.14"]
[EventType "swiss (blitz)"]
[EventRounds "11"]
[EventCountry "USA"]
[SourceTitle "CBM 217 Extra"]
[Source "ChessBase"]
[SourceDate "2024.01.31"]
[SourceVersion "1"]
[SourceVersionDate "2024.01.31"]
[SourceQuality "1"]

1. d4 d5 2. Nf3 Nf6 3. g3 g6 4. Bg2 Bg7 5. 0-0 0-0 6. a4 a5 7. Nc3 c6 8. Bf4 Nbd7 9. Qc1 Re8 10. Bh6 e5 11. Bxg7 Kxg7 12. dxe5 Nxe5 13. Nxe5 Rxe5 14. Qf4 Qe7 15. Rfe1 Bf5 16. Rac1 Re8 17. Qd4 h5 18. Qb6 Ra8 19. e3 Qb4 20. Qd4 Rae8 21. Qxb4 axb4 22. Ne2 Be4 23. c3 Bxg2 24. Kxg2 Re4 25. Red1 bxc3 26. b3 Rb4 27. Rxc3 Ne4 28. Rcd3 Nc5 29. Rc3 Ne4 30. Rcd3 Nc5 31. Rc3 Ne4 1/2-1/2

[Event "Titled Tuesday intern op 14th Nov Early"]
[Site "Chess.com INT"]
[Date "2023.11.14"]
[Round "3"]
[White "Samarth, J Rao"]
[Black "Kopylov, Alexander"]
[Result "0-1"]
[WhiteElo "1616"]
[BlackElo "2397"]
[PlyCount "138"]
[EventDate "2023.11.14"]
[EventType "swiss (blitz)"]
[EventRounds "11"]
[EventCountry "USA"]
[SourceTitle "CBM 217 Extra"]
[Source "ChessBase"]
[SourceDate "2024.01.31"]
[SourceVersion "1"]
[SourceVersionDate "2024.01.31"]
[SourceQuality "1"]

1. Nf3 Nf6 2. c4 e6 3. b3 d5 4. e3 Be7 5. Bb2 0-0 6. Be2 c5 7. 0-0 Nc6 8. cxd5 exd5 9. d4 cxd4 10. Nxd4 Re8 11. Nc3 Ne5 12. Rc1 a6 13. Nf3 Nc6 14. Na4 Bg4 15. h3 Bh5 16. Nd4 Bxe2 17. Nxe2 Ne4 18. Nf4 d4 19. Bxd4 Nxd4 20. Qxd4 Qxd4 21. exd4 Bg5 22. g3 Bxf4 23. gxf4 Rad8 24. Rfd1 g6 25. Nc5 Nd6 26. a4 Kg7 27. Kg2 Kf6 28. Kf3 Kf5 29. Re1 h6 30. Re5+ Kf6 31. Rce1 Rg8 32. Re7 b6 33. Nd7+ Kg7 34. Ne5 Rgf8 35. Rd7 Nf5 36. Rd1 Rxd7 37. Nxd7 Rc8 38. Rd3 b5 39. Nc5 bxa4 40. bxa4 Nxd4+ 41. Rxd4 Rxc5 42. Ke4 Rc2 43. Rd6 Rxf2 44. Rxa6 Rh2 45. f5 g5 46. f6+ Kg6 47. Ra8 Rxh3 48. Ke5 Re3+ 49. Kd4 Ra3 50. a5 Kxf6 51. a6 h5 52. a7 h4 53. Ke4 h3 54. Rh8 Rxa7 55. Rxh3 Kg6 56. Rb3 f5+ 57. Kf3 g4+ 58. Kf4 Ra4+ 59. Kg3 Kg5 60. Rc3 f4+ 61. Kg2 Ra2+ 62. Kg1 g3 63. Rc8 Kg4 64. Rc3 f3 65. Rc4+ Kh3 66. Rc1 Rg2+ 67. Kh1 Rh2+ 68. Kg1 f2+ 69. Kf1 Rh1+ 0-1

[Event "Moscow op-A 18th"]
[Site "Moscow"]
[Date "2022.07.15"]
[Round "3"]
[White "Zvjaginsev, Vadim"]
[Black "Kopylov, Alexander"]
[Result "1/2-1/2"]
[WhiteElo "2603"]
[BlackElo "2398"]
[PlyCount "80"]
[EventDate "2022.07.14"]
[EventType "swiss"]
[EventRounds "9"]
[EventCountry "RUS"]
[SourceTitle "CBM 209 Extra"]
[Source "ChessBase"]
[SourceDate "2022.09.30"]
[SourceVersion "1"]
[SourceVersionDate "2022.09.30"]
[SourceQuality "1"]

1. Nf3 Nf6 2. g3 d5 3. Bg2 e6 4. 0-0 Be7 5. d3 c5 6. e4 dxe4 7. dxe4 Qxd1 8. Rxd1 Nxe4 9. Ne5 Nd6 10. Na3 f6 11. Nec4 Nxc4 12. Nxc4 Nc6 13. Bxc6+ bxc6 14. Nd6+ Bxd6 15. Rxd6 0-0 16. Be3 e5 17. f3 c4 18. Kf2 Bf5 19. Rxc6 Rfc8 20. Rxc8+ Rxc8 21. Bxa7 Bxc2 22. Rc1 Bd3 23. Rc3 Kf7 24. Ra3 Ke6 25. Ke3 Rc7 26. Ra6+ Kd5 27. Ra5+ Ke6 28. Bc5 Rb7 29. Ra6+ Kd7 30. Rd6+ Kc7 31. b4 cxb3 32. axb3 Bf5 33. b4 Bd7 34. Ra6 Bb5 35. Rd6 Ra7 36. Bxa7 Kxd6 37. Bc5+ Kd5 38. Bf8 g6 39. Be7 f5 40. Bf6 Ke6 1/2-1/2

[Event "Urals-ch"]
[Site "Cheliabinsk"]
[Date "2022.03.18"]
[Round "3"]
[White "Kopylov, Alexander"]
[Black "Tuzov, Alexander"]
[Result "1/2-1/2"]
[WhiteElo "2414"]
[BlackElo "2061"]
[PlyCount "53"]
[EventDate "2022.03.16"]
[EventType "swiss"]
[EventRounds "9"]
[EventCountry "RUS"]
[SourceTitle "CBM 207 Extra"]
[Source "ChessBase"]
[SourceDate "2022.05.31"]
[SourceVersion "1"]
[SourceVersionDate "2022.05.31"]
[SourceQuality "1"]

1. Nf3 f5 2. g3 Nf6 3. Bg2 g6 4. 0-0 Bg7 5. c4 0-0 6. Nc3 d6 7. d4 Qe8 8. Nd5 Nxd5 9. cxd5 Nd7 10. Qc2 Nb6 11. Ng5 h6 12. Ne6 Bxe6 13. dxe6 c6 14. e4 d5 15. exd5 cxd5 16. a4 Rc8 17. Qb3 Qc6 18. h4 Kh7 19. Bf4 Rfd8 20. Qb4 a5 21. Qxa5 Bxd4 22. Qb4 Qc5 23. Qb3 Qc2 24. Qb4 Qc5 25. Qb3 Qc2 26. Qb4 Qc5 27. Qb3 1/2-1/2

[Event "Titled Tuesday intern op 15th Feb Early"]
[Site "Chess.com INT"]
[Date "2022.02.15"]
[Round "8"]
[White "Hakobyan, Aram"]
[Black "Kopylov, Alexander"]
[Result "1-0"]
[WhiteElo "2601"]
[BlackElo "2414"]
[PlyCount "53"]
[EventDate "2022.02.15"]
[EventType "swiss (blitz)"]
[EventRounds "11"]
[EventCountry "USA"]
[SourceTitle "CBM 206 Extra"]
[Source "ChessBase"]
[SourceDate "2022.03.31"]
[SourceVersion "1"]
[SourceVersionDate "2022.03.31"]
[SourceQuality "1"]

1. b4 b6 2. Bb2 Bb7 3. Nf3 Nf6 4. e3 g6 5. c4 Bg7 6. Be2 Kf8 7. 0-0 Kg8 8. d4 h6 9. Nc3 Kh7 10. Bd3 d6 11. e4 e6 12. e5 dxe5 13. Nxe5 Rf8 14. Qc2 Nbd7 15. Rad1 Qe8 16. Nb5 Qc8 17. Nxf7 Rxf7 18. Bxg6+ Kg8 19. Bxf7+ Kxf7 20. Rfe1 a6 21. d5 exd5 22. Nd4 Nf8 23. Nf5 Ng6 24. cxd5 Bf8 25. Bxf6 Kxf6 26. Re6+ Kf7 27. Nxh6+ 1-0

[Event "Titled Tuesday intern op 15th Feb Early"]
[Site "Chess.com INT"]
[Date "2022.02.15"]
[Round "11"]
[White "Kopylov, Alexander"]
[Black "Dobrov, Vladimir"]
[Result "0-1"]
[WhiteElo "2414"]
[BlackElo "2478"]
[PlyCount "56"]
[EventDate "2022.02.15"]
[EventType "swiss (blitz)"]
[EventRounds "11"]
[EventCountry "USA"]
[SourceTitle "CBM 206 Extra"]
[Source "ChessBase"]
[SourceDate "2022.03.31"]
[SourceVersion "1"]
[SourceVersionDate "2022.03.31"]
[SourceQuality "1"]

1. e4 c5 2. Nf3 Nc6 3. d4 cxd4 4. Nxd4 Qb6 5. Nb3 Nf6 6. Bd3 e6 7. 0-0 a6 8. c4 d6 9. Nc3 Be7 10. Kh1 h5 11. h3 Ne5 12. f4 Nxd3 13. Qxd3 Qc7 14. e5 dxe5 15. fxe5 Qxe5 16. Bf4 Qf5 17. Qe3 Qg6 18. Rad1 Bd7 19. Na5 Bb4 20. Nxb7 Bc6 21. Rg1 Bxb7 22. Qb6 Bxc3 23. Qxb7 0-0 24. bxc3 Rac8 25. Qxa6 Ne4 26. Kh2 Nxc3 27. Rd7 Ne2 28. Rf1 e5 0-1

[Event "Titled Tuesday intern op 08th Feb Late"]
[Site "Chess.com INT"]
[Date "2022.02.08"]
[Round "1"]
[White "Kopylov, Alexander"]
[Black "Bambino Filho, Antonio Carlos"]
[Result "1-0"]
[WhiteElo "2414"]
[BlackElo "2160"]
[PlyCount "71"]
[EventDate "2022.02.08"]
[EventType "swiss (blitz)"]
[EventRounds "11"]
[EventCountry "USA"]
[SourceTitle "CBM 206 Extra"]
[Source "ChessBase"]
[SourceDate "2022.03.31"]
[SourceVersion "1"]
[SourceVersionDate "2022.03.31"]
[SourceQuality "1"]

1. e4 c5 2. Nf3 d6 3. d4 cxd4 4. Nxd4 Nf6 5. f3 e5 6. Nb3 d5 7. exd5 Qxd5 8. Nc3 Qxd1+ 9. Nxd1 Nc6 10. Bg5 Be7 11. Ne3 Be6 12. Bc4 Bxc4 13. Nxc4 0-0-0 14. c3 h6 15. Bh4 g5 16. Bf2 e4 17. Nd4 exf3 18. Nxc6 bxc6 19. gxf3 Nd5 20. 0-0-0 Kb7 21. Rhe1 Bf6 22. Na5+ Kc7 23. Bg3+ Nf4 24. Re4 Rd5 25. Rxd5 cxd5 26. Rb4 Be5 27. Rb7+ Kd6 28. Kd2 f5 29. Rxa7 h5 30. Ra6+ Kd7 31. Nc6 Bd6 32. Nd4 h4 33. Ra7+ Kc8 34. Ra8+ Bb8 35. Bxf4 gxf4 36. Nc6 1-0

[Event "Titled Tuesday intern op 08th Feb Late"]
[Site "Chess.com INT"]
[Date "2022.02.08"]
[Round "3"]
[White "Kopylov, Alexander"]
[Black "Curtis, John"]
[Result "1-0"]
[WhiteElo "2414"]
[BlackElo "2292"]
[PlyCount "71"]
[EventDate "2022.02.08"]
[EventType "swiss (blitz)"]
[EventRounds "11"]
[EventCountry "USA"]
[SourceTitle "CBM 206 Extra"]
[Source "ChessBase"]
[SourceDate "2022.03.31"]
[SourceVersion "1"]
[SourceVersionDate "2022.03.31"]
[SourceQuality "1"]

1. e4 e6 2. d4 d5 3. Nd2 dxe4 4. Nxe4 Nd7 5. Nf3 Ngf6 6. Bd3 Nxe4 7. Bxe4 Be7 8. 0-0 Nf6 9. Bd3 c5 10. Be3 cxd4 11. Bxd4 Bd7 12. Ne5 0-0 13. Qf3 Qc8 14. Rad1 Bc5 15. Bc3 Bc6 16. Qh3 Be4 17. Nd7 Nxd7 18. Bxe4 f5 19. Bd3 Nf6 20. Qf3 Nd5 21. Be5 Qc6 22. Qe2 a6 23. Bc4 Rad8 24. Bb3 b5 25. c4 bxc4 26. Bxc4 Rc8 27. Bb3 Rfd8 28. h3 Bf8 29. Bg3 f4 30. Bh4 Rd7 31. Rfe1 Re8 32. Qe4 h6 33. Qg6 Nc7 34. Bc2 Rxd1 35. Qh7+ Kf7 36. Bg6# 1-0

[Event "Titled Tuesday intern op 08th Feb Early"]
[Site "Chess.com INT"]
[Date "2022.02.08"]
[Round "7"]
[White "Kopylov, Alexander"]
[Black "Janaszak, Dawid"]
[Result "1-0"]
[WhiteElo "2414"]
[BlackElo "2333"]
[PlyCount "155"]
[EventDate "2022.02.08"]
[EventType "swiss (blitz)"]
[EventRounds "11"]
[EventCountry "USA"]
[SourceTitle "CBM 206 Extra"]
[Source "ChessBase"]
[SourceDate "2022.03.31"]
[SourceVersion "1"]
[SourceVersionDate "2022.03.31"]
[SourceQuality "1"]

1. e4 c5 2. Nf3 Nc6 3. d4 cxd4 4. Nxd4 g6 5. Nc3 Bg7 6. Be3 Nf6 7. Nb3 0-0 8. Be2 b6 9. f4 d6 10. g4 Bb7 11. g5 Nh5 12. Bxh5 gxh5 13. Qxh5 d5 14. Nxd5 Na5 15. 0-0-0 Bxd5 16. Rxd5 Qc7 17. Bd4 Qxf4+ 18. Kb1 Qxe4 19. Bxg7 Qxd5 20. Rd1 Qf5 21. Bxf8 Rxf8 22. Nd4 Qg6 23. Qe2 e6 24. Nf3 Rc8 25. Ne5 Qf5 26. Ng4 Kh8 27. Nh6 Qg6 28. Qe5+ Qg7 29. Nxf7+ Kg8 30. Qxe6 Rf8 31. Nh6+ Kh8 32. b3 Qg6 33. Qe5+ Qg7 34. Qxg7+ Kxg7 35. Rd7+ Kg6 36. h4 Rf1+ 37. Kb2 Rh1 38. Rd6+ Kh5 39. Nf5 Kg4 40. Ne3+ Kf3 41. Nf5 Kf4 42. Rf6 Ke5 43. Rf7 Nc6 44. Ne7 Ke6 45. Rf6+ Kxe7 46. Rxc6 Rxh4 47. Rc7+ Ke6 48. Rxa7 Kf5 49. Rb7 Kxg5 50. Rxb6 h5 51. a4 Rf4 52. Rb7 h4 53. Rh7 Kg6 54. Rh8 Kg7 55. Re8 h3 56. Re2 Rh4 57. Rh2 Kf6 58. c4 Ke5 59. Kc3 Kf4 60. Kb4 Kg3 61. Rh1 Kg2 62. Rd1 h2 63. Rd2+ Kg1 64. Rxh2 Kxh2 65. a5 Kg3 66. Kc5 Kf4 67. b4 Rh5+ 68. Kb6 Ke5 69. c5 Kd5 70. b5 Rh6+ 71. c6 Kc4 72. a6 Rh8 73. a7 Kb4 74. c7 Kc4 75. Kc6 Kb4 76. b6 Ka5 77. b7 Ka6 78. a8Q+ 1-0

[Event "Titled Tuesday intern op 08th Feb Late"]
[Site "Chess.com INT"]
[Date "2022.02.08"]
[Round "5"]
[White "Stoleriu, George"]
[Black "Kopylov, Alexander"]
[Result "0-1"]
[WhiteElo "2419"]
[BlackElo "2414"]
[PlyCount "130"]
[EventDate "2022.02.08"]
[EventType "swiss (blitz)"]
[EventRounds "11"]
[EventCountry "USA"]
[SourceTitle "CBM 206 Extra"]
[Source "ChessBase"]
[SourceDate "2022.03.31"]
[SourceVersion "1"]
[SourceVersionDate "2022.03.31"]
[SourceQuality "1"]

1. e4 c6 2. Nf3 d5 3. exd5 cxd5 4. Ne5 g6 5. d4 Bg7 6. Bb5+ Bd7 7. Nxd7 Nxd7 8. c3 Ngf6 9. 0-0 0-0 10. Nd2 a6 11. Bd3 e5 12. dxe5 Nxe5 13. Nf3 Nxd3 14. Qxd3 Qb6 15. Qd4 Qb5 16. a4 Qb3 17. Ra3 Qc2 18. Qd1 Qb1 19. Rb3 Ne4 20. Be3 Qa2 21. Qxd5 Rfd8 22. Qxb7 Nd6 23. Qb4 a5 24. Qa3 Qxa3 25. Rxa3 Nc4 26. Rb3 Rab8 27. Rxb8 Rxb8 28. Rd1 Nxb2 29. Rb1 Bxc3 30. Bd2 Bxd2 31. Nxd2 Rb4 32. h4 Kg7 33. g3 Kf6 34. Rc1 Rxa4 35. Rc6+ Kg7 36. Rc7 Rb4 37. Ra7 a4 38. Nf3 Rb5 39. Ng5 Rf5 40. Kg2 h6 41. Ne4 Rd5 42. Nc3 Rd4 43. Nb5 Rd2 44. Nc3 Rc2 45. Nxa4 Nd3 46. Nb6 Rxf2+ 47. Kg1 Rf3 48. Kg2 Ne1+ 49. Kh3 Rf1 50. Kh2 Rf2+ 51. Kh3 Nf3 52. g4 Ne5 53. Nd5 Rf3+ 54. Kg2 Rd3 55. Nf4 Rd6 56. Kg3 Rc6 57. g5 h5 58. Ra5 Rc3+ 59. Kg2 Nf3 60. Ne2 Nxh4+ 61. Kf2 Rf3+ 62. Ke1 Nf5 63. Ra7 h4 64. Ra4 h3 65. Ng1 h2 0-1

[Event "Titled Tuesday intern op 08th Feb Early"]
[Site "Chess.com INT"]
[Date "2022.02.08"]
[Round "8"]
[White "Tologontegin, Semetey"]
[Black "Kopylov, Alexander"]
[Result "0-1"]
[WhiteElo "2381"]
[BlackElo "2414"]
[PlyCount "80"]
[EventDate "2022.02.08"]
[EventType "swiss (blitz)"]
[EventRounds "11"]
[EventCountry "USA"]
[SourceTitle "CBM 206 Extra"]
[Source "ChessBase"]
[SourceDate "2022.03.31"]
[SourceVersion "1"]
[SourceVersionDate "2022.03.31"]
[SourceQuality "1"]

1. e4 c6 2. d3 d5 3. Nc3 dxe4 4. Nxe4 Nf6 5. Ng5 h6 6. N5f3 e5 7. Nxe5 Qa5+ 8. c3 Qxe5+ 9. Be2 Bg4 10. d4 Qe6 11. Be3 Nbd7 12. h3 Bxe2 13. Nxe2 Nd5 14. Bd2 0-0-0 15. 0-0 N7f6 16. c4 Nb6 17. d5 cxd5 18. cxd5 Nfxd5 19. Bf4 Bd6 20. Nd4 Qf6 21. Bxd6 Qxd6 22. Nb5 Qb4 23. a4 a6 24. Qf3 Qf4 25. Qa3 Kb8 26. a5 Nc4 27. Qc5 axb5 28. a6 Qc7 29. Qxb5 Qc6 30. Qb3 Nd2 31. Qg3+ Qc7 32. Qg4 Nxf1 33. axb7 Qh2+ 34. Kxf1 Qh1+ 35. Ke2 Rhe8+ 36. Kf3 Qxa1 37. Qg3+ Kxb7 38. Qxg7 Qd1+ 39. Kg3 Rg8 40. Kh2 Rxg7 0-1

[Event "Titled Tuesday intern op 01st Feb-A"]
[Site "Chess.com INT"]
[Date "2022.02.01"]
[Round "2"]
[White "Akshat, Khamparia"]
[Black "Kopylov, Alexander"]
[Result "0-1"]
[WhiteElo "2390"]
[BlackElo "2414"]
[PlyCount "68"]
[EventDate "2022.02.01"]
[EventType "swiss (blitz)"]
[EventRounds "11"]
[EventCountry "USA"]
[SourceTitle "CBM 206 Extra"]
[Source "ChessBase"]
[SourceDate "2022.03.31"]
[SourceVersion "1"]
[SourceVersionDate "2022.03.31"]
[SourceQuality "1"]

1. d4 Nf6 2. c4 g6 3. Nc3 Bg7 4. e4 0-0 5. h3 d6 6. Be3 a6 7. g4 Nbd7 8. Be2 c5 9. d5 b5 10. g5 Ne8 11. cxb5 axb5 12. Bxb5 Ba6 13. a4 Nc7 14. Be2 Qb8 15. Qd2 Ne5 16. f4 Bxe2 17. fxe5 Bc4 18. exd6 exd6 19. Nge2 Re8 20. 0-0 Bxe2 21. Qxe2 Bxc3 22. bxc3 Rxe4 23. Qf3 Qe8 24. Bf4 Nxd5 25. Bxd6 Rd8 26. Bxc5 Nf4 27. Kh1 Rd3 28. Qg4 Rxh3+ 29. Kg1 Rg3+ 30. Qxg3 Ne2+ 31. Kg2 Nxg3 32. Kxg3 Qe5+ 33. Kg2 Qxc5 34. Rad1 Qxg5+ 0-1

[Event "Titled Tuesday intern op 01st Feb-A"]
[Site "Chess.com INT"]
[Date "2022.02.01"]
[Round "7"]
[White "Kopylov, Alexander"]
[Black "Mikhailovsky, Vladimir"]
[Result "1-0"]
[WhiteElo "2414"]
[BlackElo "2184"]
[PlyCount "63"]
[EventDate "2022.02.01"]
[EventType "swiss (blitz)"]
[EventRounds "11"]
[EventCountry "USA"]
[SourceTitle "CBM 206 Extra"]
[Source "ChessBase"]
[SourceDate "2022.03.31"]
[SourceVersion "1"]
[SourceVersionDate "2022.03.31"]
[SourceQuality "1"]

1. e4 d6 2. Nc3 Nf6 3. g3 c5 4. Bg2 g6 5. Nge2 Bg7 6. d4 0-0 7. 0-0 cxd4 8. Nxd4 Nc6 9. Nde2 Nd7 10. h3 Nc5 11. Be3 a6 12. Rb1 Ne5 13. b3 Rb8 14. f4 Ned7 15. a4 b5 16. axb5 axb5 17. Bd4 b4 18. Nd5 Bb7 19. Bxg7 Kxg7 20. Qd2 e6 21. Qd4+ e5 22. Qd2 Nb6 23. fxe5 dxe5 24. Qxb4 Nxd5 25. Qxc5 Rc8 26. Qa7 Rxc2 27. Qxb7 Ne3 28. Rf2 Qd3 29. Re1 Qd2 30. Ra1 Qd3 31. Ra7 Rxe2 32. Rxf7+ 1-0

[Event "Titled Tuesday intern op 01st Feb-A"]
[Site "Chess.com INT"]
[Date "2022.02.01"]
[Round "10"]
[White "Kopylov, Alexander"]
[Black "Tregubov, Pavel V"]
[Result "1/2-1/2"]
[WhiteElo "2414"]
[BlackElo "2537"]
[PlyCount "144"]
[EventDate "2022.02.01"]
[EventType "swiss (blitz)"]
[EventRounds "11"]
[EventCountry "USA"]
[SourceTitle "CBM 206 Extra"]
[Source "ChessBase"]
[SourceDate "2022.03.31"]
[SourceVersion "1"]
[SourceVersionDate "2022.03.31"]
[SourceQuality "1"]

1. d4 Nf6 2. Nf3 c5 3. e3 d5 4. a3 e6 5. Be2 Nc6 6. 0-0 Be7 7. dxc5 Bxc5 8. b4 Be7 9. Bb2 0-0 10. c4 dxc4 11. Bxc4 b6 12. Nd4 Bb7 13. Nxc6 Bxc6 14. Nc3 Rc8 15. Qe2 Qc7 16. Ba6 Bb7 17. Rac1 Qb8 18. h3 Rfd8 19. e4 h6 20. e5 Nd5 21. Bxb7 Qxb7 22. Nxd5 Rxd5 23. Rfd1 Rxc1 24. Rxc1 Qd7 25. Qc2 Rd2 26. Qc8+ Qxc8 27. Rxc8+ Kh7 28. Bc1 Re2 29. Be3 Bg5 30. Kf1 Ra2 31. f4 Bh4 32. Rc7 Rxa3 33. Ke2 Kg6 34. Kf3 Be1 35. Ke4 Bxb4 36. g4 f5+ 37. exf6 gxf6 38. f5+ exf5+ 39. gxf5+ Kh5 40. Rh7 Kh4 41. Rxh6+ Kg3 42. Rxf6 Kxh3 43. Rg6 Ra4 44. Kd5 Ra5+ 45. Ke6 Ra1 46. Bd4 Re1+ 47. Kd5 a5 48. Rxb6 Rf1 49. f6 Kg4 50. Rb7 Kg5 51. Rg7+ Kh6 52. Be3+ Kh5 53. Rg5+ Kh4 54. Rg6 Kh5 55. Rh6+ Kg4 56. Ke4 Re1 57. Rg6+ Kh5 58. Rg5+ Kh4 59. Rd5 a4 60. Rd4 Bc5 61. Rxa4 Rxe3+ 62. Kd5+ Kg5 63. Kxc5 Kxf6 64. Kd4 Rh3 65. Ra6+ Kf5 66. Ra5+ Kf4 67. Ra7 Rh1 68. Rf7+ Kg5 69. Ke3 Re1+ 70. Kf2 Re6 71. Rf8 Rf6+ 72. Rxf6 Kxf6 1/2-1/2

[Event "Titled Tuesday intern op 01st Feb-A"]
[Site "Chess.com INT"]
[Date "2022.02.01"]
[Round "8"]
[White "Lin, Dachey"]
[Black "Kopylov, Alexander"]
[Result "1-0"]
[WhiteElo "2292"]
[BlackElo "2414"]
[PlyCount "107"]
[EventDate "2022.02.01"]
[EventType "swiss (blitz)"]
[EventRounds "11"]
[EventCountry "USA"]
[SourceTitle "CBM 206 Extra"]
[Source "ChessBase"]
[SourceDate "2022.03.31"]
[SourceVersion "1"]
[SourceVersionDate "2022.03.31"]
[SourceQuality "1"]

1. g4 e5 2. d4 exd4 3. Qxd4 Nc6 4. Qe4+ Nge7 5. Bg2 d5 6. Qa4 Be6 7. Nf3 Qd7 8. h3 0-0-0 9. Nc3 Kb8 10. Bf4 Ng6 11. Bg3 Bd6 12. Bxd6 Qxd6 13. 0-0-0 Qf4+ 14. Qxf4 Nxf4 15. Bf1 h5 16. g5 Bf5 17. e3 Ne6 18. h4 d4 19. exd4 Ncxd4 20. Nxd4 Nxd4 21. Bd3 Bxd3 22. Rxd3 Nf5 23. Rf3 g6 24. Ne4 Rd4 25. Ng3 Rxh4 26. Rxh4 Nxh4 27. Rxf7 Ng2 28. Nxh5 b6 29. Nf4 Nxf4 30. Rxf4 Rh5 31. Rf8+ Kb7 32. f4 Rh2 33. Rf6 Rf2 34. b3 c5 35. a4 a6 36. Kb2 b5 37. axb5 axb5 38. Kc3 Rf3+ 39. Kd2 Kc7 40. Ke2 Rc3 41. Rxg6 Rxc2+ 42. Kd3 Rf2 43. Ke4 c4 44. bxc4 bxc4 45. Rh6 c3 46. Rh3 c2 47. Rc3+ Kd6 48. Kf5 Kd5 49. g6 Kd4 50. Rc8 Ke3 51. Rc4 Kd3 52. Rxc2 Rxc2 53. g7 Rc3 54. g8Q 1-0

[Event "Titled Tuesday intern op 01st Feb-A"]
[Site "Chess.com INT"]
[Date "2022.02.01"]
[Round "6"]
[White "Manukyan, Artyom"]
[Black "Kopylov, Alexander"]
[Result "0-1"]
[WhiteElo "2106"]
[BlackElo "2414"]
[PlyCount "52"]
[EventDate "2022.02.01"]
[EventType "swiss (blitz)"]
[EventRounds "11"]
[EventCountry "USA"]
[SourceTitle "CBM 206 Extra"]
[Source "ChessBase"]
[SourceDate "2022.03.31"]
[SourceVersion "1"]
[SourceVersionDate "2022.03.31"]
[SourceQuality "1"]

1. e4 c6 2. d4 d5 3. exd5 cxd5 4. Bd3 Nf6 5. c3 g6 6. Bf4 Bg7 7. Nf3 0-0 8. 0-0 Nc6 9. Ne5 Nd7 10. Nxc6 bxc6 11. Re1 f6 12. Bg3 e5 13. dxe5 fxe5 14. Nd2 e4 15. Bf1 Ne5 16. Qb3 Kh8 17. Rad1 Qf6 18. Qa4 Bg4 19. Rc1 h5 20. h4 Bd7 21. Qa5 g5 22. hxg5 Qxg5 23. Rcd1 h4 24. Bxe5 Bxe5 25. Nxe4 dxe4 26. Qb4 Qf4 0-1

[Event "Mendeleev Memorial 4th"]
[Site "Tiumen"]
[Date "2013.11.12"]
[Round "9"]
[White "Kopylov, Alexander"]
[Black "Yuffa, Daniil"]
[Result "0-1"]
[WhiteElo "2388"]
[BlackElo "2368"]
[PlyCount "96"]
[EventDate "2013.11.03"]
[EventType "tourn"]
[EventRounds "9"]
[EventCountry "RUS"]
[SourceTitle "EXT 2015"]
[Source "ChessBase"]
[SourceDate "2014.11.20"]
[SourceVersion "1"]
[SourceVersionDate "2014.11.20"]
[SourceQuality "1"]

1. e4 c5 2. Nf3 Nc6 3. d4 cxd4 4. Nxd4 Nf6 5. Nc3 d6 6. Bc4 e6 7. Bb3 a6 8. f4 Qc7 9. Be3 b5 10. f5 b4 11. Na4 e5 12. Nxc6 Qxc6 13. Nb6 Qxe4 14. Nxa8 Qxe3+ 15. Qe2 Qa7 16. Qc4 Qxa8 17. Qxf7+ Kd8 18. 0-0-0 Qb7 19. Qc4 Qb5 20. Qf7 Qb7 21. Qc4 Bxf5 22. Ba4 Be7 23. Rhe1 Bd7 24. Bxd7 Nxd7 25. Qf7 g6 26. g3 Qc6 27. Kb1 a5 28. Qg7 Bf6 29. Qf7 Be7 30. Qg7 Rf8 31. Qxh7 d5 32. Rf1 d4 33. Rxf8+ Bxf8 34. Qf7 a4 35. h4 a3 36. g4 Qf6 37. Qd5 Qxh4 38. Rf1 Bc5 39. Qg8+ Kc7 40. Qxg6 Qh3 41. Re1 Bd6 42. g5 Qg3 43. Rh1 Qg2 44. Qh5 d3 45. Qd1 Nc5 46. Rh7+ Kc6 47. bxa3 Ne4 48. Qxd3 Qg1+ 0-1